Countries that most people want to migrate to USA - Statistics

General Stats
  • This quiz has been taken 86 times
  • The average score is 8 of 11
Answer Stats
Amount of adults (million) Country % Correct
5 Mexico
95%
22 China
90%
10 India
90%
3 United Kingdom
85%
7 Brazil
82%
5 Japan
77%
5 Philippines
72%
15 Nigeria
66%
3 Vietnam
65%
8 Bangladesh
58%
3 Kenya
28%
No matching quizzes found
Score Distribution
Percent of People with Each Score
Percentile by Number Answered
Your Score History
You have not taken this quiz